00672 2200241 4500001002100000005001700021008004100038020001800079035002400097082001300121090002000134100002000154245006900174250001800243260003400261300003000295500002700325650003100352850001500383980001100398985000600409999001500415YOGYA-0209000000465020090227020730.0 ind  a979-533-102-7 0010-020900000004650 a001.6424 a001.6424bSal M aSALIMO, Saptowo aMenggunakan autocad dari versi 2 sampai versi 11cSaptowo Salimo aEd. 1, cet. 1 aYogyakartabAndi Offsetc1992 avii, 129 hlmbilusc23 cm aBibloografi : hlm. 123 aAutocad (Program komputer) aYOPDYOG(B) a050205 a1 a94P0049390